Manažerské účetnictví

Vymedzenie základných kalkulačných pojmov a predmetu kalkulácie. Priraďovanie nákladov predmetu kalkulácie. Alokácia nákladov - ciele, princípy a fázy. Štruktúra nákladov v kalkulácii. Štruktúra kalkulačných vzorcov orientovaných na riadenie a rozhodovanie.

Enregistré dans:
Détails bibliographiques
Auteur principal: Král, Bohumil
Format: Chapitre de livre
Langue:tchèque
Sujets:
Tags: Ajouter un tag
Pas de tags, Soyez le premier à ajouter un tag!

MARC

LEADER 00000naa a2200000 4500
001 r038239
005 20240411081200.7
041 0 |a cze 
044 |a CZ 
245 1 0 |a Manažerské účetnictví  |c Bohumil Král 
520 |a Vymedzenie základných kalkulačných pojmov a predmetu kalkulácie. Priraďovanie nákladov predmetu kalkulácie. Alokácia nákladov - ciele, princípy a fázy. Štruktúra nákladov v kalkulácii. Štruktúra kalkulačných vzorcov orientovaných na riadenie a rozhodovanie. 
610 2 0 |a účtovníctvo manažérske 
610 2 0 |a kalkulácia 
610 2 0 |a pojmy 
610 2 0 |a riadenie 
610 2 0 |a výrobky 
610 2 0 |a rozhodovanie 
610 2 0 |a náklady 
100 1 |a Král, Bohumil